Lanean...

Organization theory : the structure and design of organizations

Xehetasun bibliografikoak
Egile nagusia: Robbins, Stephen P
Formatua: Printed Book
Hizkuntza:Undetermined
English
Argitaratua: Englewood Cliffs Prentice -Hall Inc
LEADER 00560nam a2200169Ia 4500
008 140306s9999 xx 000 0 und d
020 |a 0136419100 
041 |a eng 
082 |a 658.402  |b ROB/OR 
100 |a Robbins, Stephen P 
245 |a Organization theory : the structure and design of organizations 
260 |a Englewood Cliffs  |b Prentice -Hall Inc 
300 |a 432 
365 |b Usd. 25 
942 |2 ddc  |c BK 
999 |c 178676  |d 178676 
952 |0 0  |1 0  |2 ddc  |4 0  |6 658_402000000000000_ROB_OR  |7 0  |9 183706  |a KAUCBV  |b KAUCBV  |g 25.00  |o 658.402 ROB/OR  |r 2014-03-22  |w 2014-03-22  |y BK